Detalles MARC
| 000 -LEADER |
| campo de control de longitud fija |
0185022 4a22003854504500 |
| 003 - IDENTIFICADOR DE NÚMERO DE CONTROL |
| campo de control |
PE-LiUPU |
| 005 - FECHA Y HORA DE LA ÚLTIMA TRANSACCIÓN |
| campo de control |
20251125171322.0 |
| 008 - DATOS DE LONGITUD FIJA--INFORMACIÓN GENERAL |
| campo de control de longitud fija |
250226s2024 sp a o 000 0 spa d |
| 020 ## - NÚMERO INTERNACIONAL ESTÁNDAR DEL LIBRO |
| Número Internacional Estándar del Libro |
9788410065604 |
| 035 ## - NÚMERO DE CONTROL DEL SISTEMA |
| Número de control de sistema |
PE-LiUPU000005 |
| 040 ## - FUENTE DE CATALOGACIÓN |
| Centro catalogador/agencia de origen |
PE-LiUPU |
| Lengua de catalogación |
spa |
| Centro/agencia transcriptor |
PE-LiUPU |
| Normas de descripción |
rda |
| 041 0# - CÓDIGO DE IDIOMA |
| Código de lengua del texto/banda sonora o título independiente |
spa |
| 082 04 - NÚMERO DE LA CLASIFICACIÓN DECIMAL DEWEY |
| Número de clasificación |
711.4 |
| Cutter |
B673h |
| Número de edición |
23 |
| 100 1# - ENTRADA PRINCIPAL--NOMBRE DE PERSONA |
| Nombre de persona |
Bofill Levi, Anna, |
| Fechas asociadas al nombre |
1944- |
| Término indicativo de función/relación |
autor. |
| 245 10 - MENCIÓN DEL TÍTULO |
| Título |
Hacia la ecomorfología : |
| Resto del título |
entre la utopía y la realidad / |
| Mención de responsabilidad, etc. |
Anna Bofill. |
| 250 ## - MENCION DE EDICION |
| Mención de edición |
Primera edición. |
| 264 #1 - PRODUCCIÓN, PUBLICACIÓN, DISTRIBUCIÓN, FABRICACIÓN Y COPYRIGHT |
| Producción, publicación, distribución, fabricación y copyright |
Madrid : |
| Nombre del de productor, editor, distribuidor, fabricante |
Ediciones Asimétricas, |
| Fecha de producción, publicación, distribución, fabricación o copyright |
2024. |
| 300 ## - DESCRIPCIÓN FÍSICA |
| Extensión |
130 páginas : |
| Otras características físicas |
ilustraciones ; |
| Dimensiones |
23 cm |
| 336 ## - TIPO DE CONTENIDO |
| Término de tipo de contenido |
texto |
| Fuente |
rdacontent |
| 337 ## - TIPO DE MEDIO |
| Nombre/término del tipo de medio |
unmediated |
| Fuente |
rdamedia |
| 338 ## - TIPO DE SOPORTE |
| Nombre/término del tipo de soporte |
volumen |
| Fuente |
rdacarrier |
| 500 ## - NOTA GENERAL |
| Nota general |
Incluye prólogo de Ana Gilsanz. |
| 500 ## - NOTA GENERAL |
| Nota general |
Colección Voces, Serie Arquitectura. |
| 504 ## - NOTA DE BIBLIOGRAFÍA, ETC. |
| Nota de bibliografía, etc. |
Incluye notas bibliográficas. |
| 505 0# - NOTA DE CONTENIDO CON FORMATO |
| Nota de contenido con formato |
Prólogo / Ana Gilsanz -- Nota de la autora -- Presentación -- El fenómeno de la urbanización -- La ecomorfología, un modo de visualizar, analizar y proyectar el entorno -- La formación del tejido urbano -- La imagen -- Las características y cualidades de la forma -- Realidad y futuro -- Notas. |
| 520 ## - RESUMEN, ETC. |
| Sumario, etc. |
Ensayo escrito entre 1971 y 1973 que desarrolla la ecomorfología como disciplina para estudiar la forma del entorno construido y sus relaciones con la habitabilidad, proponiendo una metodología de análisis y diseño urbano desde una perspectiva integradora, crítica y democrática. |
| 546 ## - NOTA DE IDIOMA |
| Nota de lengua/lenguaje |
Texto en español. |
| 650 14 - PUNTO DE ACCESO ADICIONAL DE MATERIA--TÉRMINO DE MATERIA |
| Término de materia o nombre geográfico como elemento de entrada |
Urbanismo |
| Subdivisión general |
Teoría |
| 650 24 - PUNTO DE ACCESO ADICIONAL DE MATERIA--TÉRMINO DE MATERIA |
| Término de materia o nombre geográfico como elemento de entrada |
Diseño urbano |
| Subdivisión general |
Aspectos sociales |
| 9 (RLIN) |
7647 |
| 650 24 - PUNTO DE ACCESO ADICIONAL DE MATERIA--TÉRMINO DE MATERIA |
| Término de materia o nombre geográfico como elemento de entrada |
Morfología urbana |
| 9 (RLIN) |
7648 |
| 700 1# - ENTRADA AGREGADA--NOMBRE PERSONAL |
| Nombre de persona |
Gilsanz, Ana, |
| Término indicativo de función/relación |
prologuista. |
| 710 2# - ENTRADA AGREGADA--NOMBRE DE ENTIDAD CORPORATIVA |
| Nombre de entidad corporativa o nombre de jurisdicción como elemento de entrada |
Ediciones Asimétricas, |
| Término indicativo de función/relación |
editor. |
| 942 ## - ELEMENTOS DE ENTRADA SECUNDARIOS (KOHA) |
| Fuente del sistema de clasificación o colocación |
Clasificación Decimal Dewey |
| Tipo de ítem Koha |
Libros físicos |
| 980 ## - EQUIVALENCIA O REFERENCIA-CRUZADA-MENCIÓN DE SERIE--NOMBRE DE PERSONA/TÍTULO [LOCAL, CANADÁ] |
| ID del usuario creador del registro |
18228 |
| Nombre del creador del registro |
Rebeca Esther Huerta Leyton |
| ID del último usuario que modificó el registro |
18226 |
| Nombre del último usuario que modificó el registro |
Jaime Vilcazán Jefe de Análisis Documental |